Deutschlands hässlichsten Städte - Statistiken

Allgemein
  • Dieses Quiz wurde 311 mal gespielt
  • Das Durchschnittsergebnis liegt bei 6 aus 15
Antwortstatistiken
Platz Bundesland Stadt % Korrekt
9. Hessen Frankfurt am Main
66%
4. Bremen Bremerhaven
64%
13. Nordrhein-Westfalen Duisburg
54%
14. Niedersachsen Wolfsburg
48%
11. Rheinland-Pfalz Ludwigshafen am Rhein
47%
6. Nordrhein-Westfalen Dortmund
45%
10. Sachsen Leipzig
43%
3. Hessen Wiesbaden
42%
8. Hessen Gießen
40%
1. Schleswig-Holstein Neumünster
40%
2. Bayern Fürth
39%
7. Niedersachsen Salzgitter
35%
12. Baden-Württemberg Heilbronn
23%
15. Brandenburg Eisenhüttenstadt
12%
5. Niedersachsen Cloppenburg
5%
Keine übereinstimmenden Quizze gefunden
Verteilung der Resultate
Anzahl Personen mit jedem Resultat
Perzentil nach korrekt beantworteten Fragen
Ihre Resultats-Entwicklung
Sie haben dieses Quiz noch nicht gespielt